Caricamento...

CHINTHATHARANGINI

Dettagli Bibliografici
Autore principale: PANICKER,K.M
Natura: Printed Book
Pubblicazione: T B.V.BOOK DEPOT 1112
Soggetti:
LEADER 00453nam a2200169 4500
020
082 |a 894.812 1 PAN 
100 |a PANICKER,K.M. 
245 |a CHINTHATHARANGINI  |h Malayalam 
250
260 |a T  |b B.V.BOOK DEPOT  |c 1112 
300 |a 33 p  |f HB 
650 |a CHINTHATHARANGINI 
700
942 |c TB 
999 |c 152178  |d 152178 
952 |0 0  |1 0  |4 0  |6 894_812000000000000_1_PAN  |7 0  |9 165636  |a ORI  |b ORI  |l 0  |o 894.812 1 PAN  |p ORI431  |r 2019-10-25  |w 2019-10-25  |y TB